【サドンデス】長野県にある鉄道駅 - Statistics

General Stats
  • This quiz has been taken 588 times
  • The average score is 6 of 25
Answers on the Grid
Answers color-coded by a green-red scale on the quiz's grid according to % correct below.
長野駅
松本駅
西上田駅
乙女駅
海瀬駅
十二兼駅
野辺山駅
日野駅
戸狩野沢温泉駅
北小谷駅
市役所前駅
伊那市駅
小野駅
川中島駅
山吹駅
鼎駅
木ノ下駅
平滝駅
三岡駅
海尻駅
上田原駅
中野駅
田沢駅
島高松駅
有明駅
下ノ郷駅
上野駅
善光寺駅
電鉄長野駅
南長野駅
伊那北山駅
伊那本山駅
吉田駅
小和田駅
中部天竜駅
佐久駅
信濃中野駅
滝沢駅
八千代駅
笹子駅
長野大学前駅
県庁前駅
諏訪駅
上麻生駅
安曇野駅
織笠駅
松代駅
上高地駅
別所駅
竜岡城駅
 
Answer Stats
Answer % Correct
松本駅
52%
長野駅
46%
川中島駅
39%
野辺山駅
37%
戸狩野沢温泉駅
36%
伊那市駅
36%
北小谷駅
28%
市役所前駅
24%
乙女駅
23%
鼎駅
22%
西上田駅
21%
田沢駅
21%
有明駅
21%
十二兼駅
20%
島高松駅
20%
海瀬駅
17%
小野駅
16%
海尻駅
16%
三岡駅
12%
木ノ下駅
11%
日野駅
9%
山吹駅
8%
平滝駅
7%
上田原駅
7%
中野駅
6%
No matching quizzes found
Score Distribution
Percent of People with Each Score
Percentile by Number Answered
Your Score History
You have not taken this quiz